000 00269nam a2200121Ia 4500
008 240625s9999 xx 000 0 und d
041 _aeng
082 _a005.54 BAK
100 _aDAMANI RAMESH
245 _aWIZARDS OF DALAL STREET
260 _c2007
365 _cRS
_b10
999 _c33733
_d33733